00341nam a22000977a 4500082001600000100002700016245012300043260004600166300000800212650002300220 a229 SCH1 V2 aSchneemelcher, Wilhelm aEdgar Hennecke New Testament Apocrypha: Volume Two: Writings Related to The Apostles; Apocalypses and Related Subjects aPhiladelphiabThe Westminster Pressc1964 a851 aApocryphal Gospels